| 000 | 00440nam a2200181Ia 4500 | ||
|---|---|---|---|
| 008 | 170705s9999 xx 000 0 und d | ||
| 020 | _a590477641 | ||
| 245 | _aAmelia Bedelia / | ||
| 245 | _cPeggy Parish ; pictures by Fritz Siebel. | ||
| 260 | _aNew York : | ||
| 260 | _bScholastic, | ||
| 260 | _c1963 | ||
| 300 | _a63 pages : | ||
| 300 | _bcolor illustration ; | ||
| 300 | _c22cm. | ||
| 440 | _aAmelia Bedelia. | ||
| 500 | _a130 | ||
| 999 |
_c335323 _d335323 |
||